[Event "2. Bundesliga Ost 2007/2008"]
[Site "20-21.10.Bruck,30.11-2.12.Bade"]
[Date "2008.02.17"]
[Round "9.2"]
[White "Schwaninger, Wolfgang"]
[Black "Strodl, Joachim"]
[Result "1-0"]
[WhiteElo "2175"]
[BlackElo "2066"]
[PlyCount "111"]
[EventDate "2007.10.20"]

1. d4 g6 2. Nf3 Bg7 3. c4 d6 4. Nc3 Nc6 5. h3 e5 6. d5 Nce7 7. e4 f5 8. exf5
gxf5 9. Bg5 Nf6 10. Be2 O-O 11. Qd2 Kh8 12. h4 Ng4 13. Nh2 Qd7 14. Nxg4 fxg4
15. Ne4 Ng8 16. O-O-O Qa4 17. Nc3 Qe8 18. Bd3 Bf5 19. Ne4 Qa4 20. b3 Qa3+ 21.
Kb1 a5 22. Be3 a4 23. b4 Nf6 24. Qc3 Qxc3 25. Nxc3 Bxd3+ 26. Rxd3 h5 27. Rc1
Rf7 28. Rc2 Kh7 29. c5 Ne8 30. Ne4 Bf6 31. Bg5 Kg6 32. cxd6 cxd6 33. Bxf6 Nxf6
34. Nxd6 Rd7 35. Nc4 Rxd5 36. Rxd5 Nxd5 37. Nxe5+ Kf5 38. Nd3 b6 39. a3 Ke4 40.
Nc1 Kd4 41. Rd2+ Kc4 42. Kb2 Rf8 43. Rc2+ Kd4 44. Rd2+ Kc4 45. Ne2 Rf5 46. Rd4+
Kb5 47. Rxd5+ Rxd5 48. Nc3+ Kc4 49. Nxd5 Kxd5 50. Kc3 b5 51. Kd3 Ke5 52. Ke3
Kd5 53. f4 gxf3 54. gxf3 Kc4 55. f4 Kd5 56. Kd3 1-0

[Event "2. Bundesliga Ost 2007/2008"]
[Site "20-21.10.Bruck,30.11-2.12.Bade"]
[Date "2008.02.17"]
[Round "9.2"]
[White "Savio, Alfred Jun"]
[Black "Froeschl, Felix"]
[Result "1/2-1/2"]
[WhiteElo "2045"]
[BlackElo "2203"]
[PlyCount "76"]
[EventDate "2007.10.20"]

1. c4 e5 2. Nc3 Nc6 3. Nf3 g6 4. e3 Bg7 5. a3 a5 6. Be2 d6 7. O-O f5 8. d3 Nf6
9. Qc2 O-O 10. b3 Ne7 11. Bb2 h6 12. c5 Be6 13. cxd6 cxd6 14. d4 e4 15. Nd2 Rc8
16. Rac1 d5 17. Qb1 g5 18. Nb5 f4 19. Rxc8 Bxc8 20. Rc1 Nc6 21. Qc2 Rf7 22. a4
Bf8 23. Ba3 Bxa3 24. Nxa3 Bg4 25. Nf1 fxe3 26. fxe3 Nb4 27. Qd1 Bxe2 28. Qxe2
Nd3 29. Rc2 Qf8 30. Nb1 Ng4 31. Nbd2 Ngf2 32. Qh5 Kg7 33. Ng3 Nb4 34. Rc5 Nfd3
35. Rc3 Nc6 36. Qg4 Kh7 37. h4 gxh4 38. Qxh4 Rg7 1/2-1/2

[Event "2. Bundesliga Ost 2007/2008"]
[Site "20-21.10.Bruck,30.11-2.12.Bade"]
[Date "2008.02.17"]
[Round "9.2"]
[White "Ernst, Michael"]
[Black "Wutzlhofer, Robert"]
[Result "1/2-1/2"]
[WhiteElo "2172"]
[BlackElo "2063"]
[PlyCount "71"]
[EventDate "2007.10.20"]

1. d4 Nf6 2. c4 d6 3. Nf3 g6 4. Nc3 Bg7 5. e4 O-O 6. h3 Nc6 7. Bg5 a6 8. Be2 h6
9. Be3 e5 10. d5 Ne7 11. g4 c6 12. Qd2 Kh7 13. g5 hxg5 14. Nxg5+ Kg8 15. Rg1 b5
16. dxc6 Nxc6 17. cxb5 Nd4 18. bxa6 Bxa6 19. Bxa6 Rxa6 20. Bxd4 exd4 21. Qxd4
Nxe4 22. Qc4 Nxg5 23. Qxa6 Nf3+ 24. Kf1 Nxg1 25. Kxg1 Qg5+ 26. Kf1 Qf5 27. Qxd6
Qxh3+ 28. Kg1 Bxc3 29. bxc3 Qxc3 30. Rd1 Ra8 31. Qd5 Ra5 32. Qb3 Rg5+ 33. Kf1
Qc6 34. Rd8+ Kg7 35. Qb2+ f6 36. Qd4 1/2-1/2

[Event "2. Bundesliga Ost 2007/2008"]
[Site "20-21.10.Bruck,30.11-2.12.Bade"]
[Date "2008.02.17"]
[Round "9.3"]
[White "Beckhuis, Gernod"]
[Black "Vlcek, Stanislav"]
[Result "0-1"]
[WhiteElo "2350"]
[BlackElo "2322"]
[PlyCount "82"]
[EventDate "2007.10.20"]

1. d4 Nf6 2. c4 g6 3. Nc3 Bg7 4. e4 d6 5. Nf3 O-O 6. Be2 e5 7. O-O Qe8 8. d5 a5
9. Ne1 Na6 10. Nd3 Bd7 11. Be3 b6 12. g4 Qe7 13. Kh1 Nc5 14. Nxc5 dxc5 15. g5
Ne8 16. Nb5 Bxb5 17. cxb5 Nd6 18. Qc2 f6 19. Rg1 fxg5 20. Bxg5 Qe8 21. a4 Rxf2
22. Raf1 Qf7 23. Qd3 Rf8 24. Bg4 Kh8 25. Be6 Qe8 26. Rxf2 Rxf2 27. Rg3 Rxb2 28.
Rh3 Qf8 29. Rf3 Qe8 30. Rh3 h5 31. Rf3 Rb4 32. Bf6 Bxf6 33. Rxf6 Kg7 34. Rf1
Qe7 35. Qg3 Rxe4 36. Bf5 Qf6 37. Bh3 Rf4 38. Re1 e4 39. Bg2 Qh4 40. Qc3+ Qf6
41. Qe3 Qe5 0-1

[Event "2. Bundesliga Ost 2007/2008"]
[Site "20-21.10.Bruck,30.11-2.12.Bade"]
[Date "2008.02.17"]
[Round "9.3"]
[White "Bachofner, Andreas"]
[Black "Hangweyrer, Manfred"]
[Result "0-1"]
[WhiteElo "2246"]
[BlackElo "2382"]
[PlyCount "82"]
[EventDate "2007.10.20"]

1. b3 e5 2. Bb2 d6 3. e3 Nf6 4. c4 c5 5. Nc3 Nc6 6. d3 g6 7. Nf3 Bg7 8. Be2 O-O
9. O-O Re8 10. Qd2 b6 11. Rfd1 d5 12. cxd5 Nxd5 13. Nxd5 Qxd5 14. Ne1 Bb7 15.
Bf3 Qd7 16. Bc3 Ne7 17. Bxb7 Qxb7 18. Rac1 Rad8 19. Ba1 Nc6 20. Bc3 Qe7 21. Qb2
Rd7 22. a3 a5 23. Qc2 Rc8 24. Ba1 Na7 25. g3 Rcd8 26. Qc4 e4 27. Bxg7 Kxg7 28.
Qc2 Nb5 29. dxe4 Rxd1 30. Rxd1 Rxd1 31. Qxd1 Qxe4 32. a4 Nc3 33. Qd6 Ne2+ 34.
Kf1 Nc1 35. Kg1 Nxb3 36. Nd3 Nd2 37. h4 Nf3+ 38. Kf1 c4 39. Nf4 c3 40. Nd5 c2
41. Qc6 Qc4+ 0-1

[Event "2. Bundesliga Ost 2007/2008"]
[Site "20-21.10.Bruck,30.11-2.12.Bade"]
[Date "2008.02.17"]
[Round "9.3"]
[White "Staudner, Oliver"]
[Black "Koffler, Daniel"]
[Result "1/2-1/2"]
[WhiteElo "2404"]
[BlackElo "2213"]
[PlyCount "55"]
[EventDate "2007.10.20"]

1. e4 e5 2. Nf3 Nc6 3. d4 exd4 4. Nxd4 Bb4+ 5. c3 Bc5 6. Be3 Bb6 7. g3 Nf6 8.
Bg2 O-O 9. O-O Re8 10. Nd2 d5 11. Nxc6 bxc6 12. Re1 Bg4 13. Qc2 h6 14. a4 Bh5
15. h3 Rb8 16. Bxb6 axb6 17. f4 dxe4 18. g4 Bxg4 19. hxg4 Nxg4 20. Rxe4 Qh4 21.
Nf3 Qg3 22. Rae1 Rxe4 23. Rxe4 f5 24. Re7 Qxf4 25. Qb3+ Kh8 26. Qf7 Rg8 27. Nd4
Qf2+ 28. Kh1 1/2-1/2

[Event "2. Bundesliga Ost 2007/2008"]
[Site "20-21.10.Bruck,30.11-2.12.Bade"]
[Date "2008.02.17"]
[Round "9.3"]
[White "Jirovec, Alfred"]
[Black "Pokorna, Regina"]
[Result "1/2-1/2"]
[WhiteElo "2112"]
[BlackElo "2350"]
[PlyCount "82"]
[EventDate "2007.10.20"]

1. d4 Nf6 2. Nf3 e6 3. c4 b6 4. Nc3 Bb7 5. e3 d5 6. cxd5 exd5 7. Bd3 Bd6 8. O-O
Nbd7 9. Re1 O-O 10. a3 c5 11. Qc2 a6 12. a4 Re8 13. Bd2 Rc8 14. Rad1 Ne4 15.
Qb1 c4 16. Bf1 Ndf6 17. g3 Ng4 18. Nxe4 dxe4 19. Nh4 Nxh2 20. Bh3 Rc7 21. Kxh2
Qxh4 22. Kg2 Qh5 23. Rh1 Bc8 24. Rdg1 Bxg3 25. Qd1 Qxd1 26. Rxd1 Bd6 27. Bxc8
Rcxc8 28. Rh5 g6 29. Rd5 Re6 30. Rh1 f5 31. f3 h5 32. Rh4 exf3+ 33. Kxf3 Kf7
34. e4 fxe4+ 35. Rxe4 Rxe4 36. Kxe4 Be7 37. Rd7 Rd8 38. Rc7 Kf6 39. d5 Bd6 40.
Rxc4 g5 41. Bc3+ Kf7 1/2-1/2

[Event "2. Bundesliga Ost 2007/2008"]
[Site "20-21.10.Bruck,30.11-2.12.Bade"]
[Date "2008.02.17"]
[Round "9.3"]
[White "Kwatschewsky, Leo"]
[Black "Bachofner, Christian"]
[Result "1/2-1/2"]
[WhiteElo "2216"]
[BlackElo "2098"]
[PlyCount "64"]
[EventDate "2007.10.20"]

1. e4 c5 2. Nf3 d6 3. d4 cxd4 4. Nxd4 Nf6 5. Nc3 a6 6. g3 e5 7. Nde2 Be7 8. Bg2
O-O 9. O-O Be6 10. h3 Nbd7 11. Nd5 Bxd5 12. exd5 Rc8 13. Be3 Qc7 14. c3 Ne8 15.
a4 f5 16. f4 g6 17. b3 Bf6 18. Ra2 Ng7 19. c4 Rfe8 20. Kh2 Nh5 21. Bg1 exf4 22.
Nxf4 Nxf4 23. gxf4 a5 24. Re1 b6 25. Re6 Kf7 26. Rae2 Nc5 27. Bd4 Bh4 28. Bb2
Nxe6 29. dxe6+ Ke7 30. Qd4 Rg8 31. Ba3 Bf6 32. Qd5 Rcd8 1/2-1/2

[Event "2. Bundesliga Ost 2007/2008"]
[Site "20-21.10.Bruck,30.11-2.12.Bade"]
[Date "2008.02.17"]
[Round "9.3"]
[White "Steinert, Martin"]
[Black "Poecksteiner, Johann"]
[Result "1/2-1/2"]
[WhiteElo "2046"]
[BlackElo "2161"]
[PlyCount "37"]
[EventDate "2007.10.20"]

1. e4 d5 2. exd5 Qxd5 3. Nc3 Qa5 4. d4 Nf6 5. Bf4 Bf5 6. Bd3 Bxd3 7. Qxd3 e6 8.
O-O-O Bd6 9. Bxd6 cxd6 10. Qg3 O-O 11. Qxd6 Qg5+ 12. Kb1 Qxg2 13. Nge2 Qc6 14.
Qg3 Nbd7 15. Rhg1 g6 16. Nf4 Rfc8 17. Qd3 Nb6 18. Rg5 Nbd5 19. Nfxd5 1/2-1/2

[Event "2. Bundesliga Ost 2007/2008"]
[Site "20-21.10.Bruck,30.11-2.12.Bade"]
[Date "2008.02.17"]
[Round "9.4"]
[White "Schroll, Gerhard"]
[Black "Schlosser, Michael"]
[Result "1-0"]
[WhiteElo "2409"]
[BlackElo "2328"]
[PlyCount "75"]
[EventDate "2007.10.20"]

1. e4 g6 2. d4 Bg7 3. c3 d6 4. Bc4 Nf6 5. Qe2 e5 6. dxe5 dxe5 7. Nf3 Nbd7 8.
O-O h6 9. Rd1 Qe7 10. b4 a5 11. a3 O-O 12. Nbd2 b6 13. Nf1 Bb7 14. Ng3 Ne8 15.
Bb2 Kh7 16. h4 Nd6 17. Bd5 Bxd5 18. exd5 Rae8 19. h5 g5 20. c4 f5 21. Qc2 e4
22. Bxg7 Qxg7 23. Nd4 Ne5 24. c5 bxc5 25. bxc5 Nd3 26. Ne6 Rxe6 27. dxe6 Nb5
28. Qc4 Nc3 29. e7 Re8 30. Nxf5 Qf6 31. Rxd3 Ne2+ 32. Kh2 Qxf5 33. Re3 Rxe7 34.
Qxe2 Qe5+ 35. g3 Qxa1 36. Rxe4 Rf7 37. Re6 Qb1 38. Kg2 1-0

[Event "2. Bundesliga Ost 2007/2008"]
[Site "20-21.10.Bruck,30.11-2.12.Bade"]
[Date "2008.02.17"]
[Round "9.4"]
[White "Pachta, Paul"]
[Black "Steiner, Bruno"]
[Result "1/2-1/2"]
[WhiteElo "2288"]
[BlackElo "2247"]
[PlyCount "97"]
[EventDate "2007.10.20"]

1. d4 d5 2. c4 e6 3. Nc3 Nf6 4. Bg5 Be7 5. e3 O-O 6. Nf3 Nbd7 7. Rc1 c6 8. Qc2
Re8 9. a3 a6 10. h3 h6 11. Bh4 dxc4 12. Bxc4 b5 13. Ba2 c5 14. dxc5 Nxc5 15.
O-O Bb7 16. Rfd1 Qb6 17. Bxf6 Bxf6 18. b4 Na4 19. Nxa4 bxa4 20. Qxa4 Qb5 21.
Qc2 Rec8 22. Bc4 Bxf3 23. gxf3 Qe5 24. f4 Qb2 25. Qe4 Qxa3 26. f5 exf5 27.
Bxf7+ Kh8 28. Rxc8+ Rxc8 29. Qxf5 Rf8 30. Bc4 Qxb4 31. Bd3 g6 32. Qe6 Qb2 33.
Qe4 Qe5 34. Qxe5 Bxe5 35. f4 Bc7 36. Bxg6 Bb6 37. f5 Bxe3+ 38. Kg2 Bg5 39. Ra1
Ra8 40. Bf7 a5 41. Ra4 Kg7 42. Bd5 Ra7 43. h4 Bd2 44. Rd4 Bc3 45. Rc4 Bb2 46.
Rc2 Bd4 47. Kf3 a4 48. Rg2+ Kh7 49. Ke4 1/2-1/2

[Event "2. Bundesliga Ost 2007/2008"]
[Site "20-21.10.Bruck,30.11-2.12.Bade"]
[Date "2008.02.17"]
[Round "9.4"]
[White "Posch, Werner"]
[Black "Hodisch, Juri"]
[Result "1/2-1/2"]
[WhiteElo "2207"]
[BlackElo "2357"]
[PlyCount "25"]
[EventDate "2007.10.20"]

1. e4 c6 2. d3 d5 3. Nd2 g6 4. Ngf3 Bg7 5. g3 e5 6. Bg2 Ne7 7. O-O O-O 8. Re1
Nd7 9. b3 Re8 10. Bb2 d4 11. a4 b5 12. Ba3 Qc7 13. Rf1 1/2-1/2

[Event "2. Bundesliga Ost 2007/2008"]
[Site "20-21.10.Bruck,30.11-2.12.Bade"]
[Date "2008.02.17"]
[Round "9.4"]
[White "Wirius, Stefan"]
[Black "Todor, Razvan"]
[Result "1/2-1/2"]
[WhiteElo "2281"]
[BlackElo "2198"]
[PlyCount "46"]
[EventDate "2007.10.20"]

1. c4 e6 2. Nf3 f5 3. g3 Nf6 4. Bg2 Be7 5. O-O d6 6. Nc3 O-O 7. d3 Qe8 8. e4
fxe4 9. dxe4 e5 10. h3 Nc6 11. Be3 Qh5 12. Nd2 Qg6 13. Nd5 Bd8 14. Kh2 Nxd5 15.
exd5 Ne7 16. g4 Qe8 17. Be4 c6 18. Qc2 cxd5 19. cxd5 Ng6 20. Rae1 Bd7 21. f4
Bh4 22. Re2 Bb5 23. Nc4 Bxc4 1/2-1/2

[Event "2. Bundesliga Ost 2007/2008"]
[Site "20-21.10.Bruck,30.11-2.12.Bade"]
[Date "2008.02.17"]
[Round "9.4"]
[White "Wiedner, Robert"]
[Black "Vitouch, Anatol"]
[Result "1/2-1/2"]
[WhiteElo "2197"]
[BlackElo "2211"]
[PlyCount "40"]
[EventDate "2007.10.20"]

1. d4 Nf6 2. c4 c5 3. Nf3 cxd4 4. Nxd4 Nc6 5. Nc3 g6 6. g3 Bg7 7. Bg2 O-O 8.
O-O Nxd4 9. Qxd4 d6 10. Qd2 Be6 11. b3 d5 12. Rd1 dxc4 13. Bxb7 Rb8 14. Bf3 Ne4
15. Qe3 Qa5 16. Bxe4 Bxc3 17. Bd2 Bxd2 18. Qxd2 Qxd2 19. Rxd2 Rfd8 20. Rc2 Rd4
1/2-1/2

[Event "2. Bundesliga Ost 2007/2008"]
[Site "20-21.10.Bruck,30.11-2.12.Bade"]
[Date "2008.02.17"]
[Round "9.5"]
[White "Videki, Sandor"]
[Black "Vyskocil, Neklan"]
[Result "1/2-1/2"]
[WhiteElo "2420"]
[BlackElo "2308"]
[PlyCount "21"]
[EventDate "2007.10.20"]

1. c4 Nf6 2. Nc3 e5 3. g3 Bb4 4. Bg2 O-O 5. Nf3 e4 6. Nd4 Re8 7. O-O Bxc3 8.
bxc3 d5 9. f3 exf3 10. Nxf3 Qe7 11. e3 1/2-1/2

[Event "2. Bundesliga Ost 2007/2008"]
[Site "20-21.10.Bruck,30.11-2.12.Bade"]
[Date "2008.02.17"]
[Round "9.5"]
[White "Holemar, David"]
[Black "Ganaus, Hannes"]
[Result "1/2-1/2"]
[WhiteElo "2314"]
[BlackElo "2294"]
[PlyCount "21"]
[EventDate "2007.10.20"]

1. d4 d5 2. Nf3 c6 3. c4 Nf6 4. cxd5 cxd5 5. Nc3 Nc6 6. Bf4 a6 7. Rc1 Nh5 8.
Bd2 Nf6 9. Bf4 Nh5 10. Bd2 Nf6 11. Bf4 1/2-1/2

[Event "2. Bundesliga Ost 2007/2008"]
[Site "20-21.10.Bruck,30.11-2.12.Bade"]
[Date "2008.02.17"]
[Round "9.5"]
[White "Neumeier, Klaus"]
[Black "Mlynek, Petr"]
[Result "1-0"]
[WhiteElo "2273"]
[BlackElo "2210"]
[PlyCount "81"]
[EventDate "2007.10.20"]

1. e4 c6 2. d4 d5 3. Nd2 dxe4 4. Nxe4 Nd7 5. Ng5 Ngf6 6. Bd3 e6 7. N1f3 Bd6 8.
Qe2 h6 9. Ne4 Nxe4 10. Qxe4 Nf6 11. Qh4 Ke7 12. Ne5 Bxe5 13. dxe5 Qa5+ 14. c3
Qxe5+ 15. Be3 b6 16. O-O-O g5 17. Qa4 Bd7 18. h4 c5 19. Qc4 Bc6 20. Rhe1 Qd5
21. Qa6 Qxg2 22. hxg5 hxg5 23. Bf1 Qf3 24. Bxg5 Rhg8 25. Be2 Qe4 26. Bc4 Qf3
27. Re3 Qf5 28. Bb5 Bd5 29. Bh4 Rg4 30. Bg3 Ne4 31. c4 Nxg3 32. cxd5 Qxf2 33.
Qb7+ Kf6 34. Rxg3 Rxg3 35. Qxa8 Rg2 36. Qh8+ Kg6 37. Bd3+ f5 38. Qg8+ Kf6 39.
Qxe6+ Kg5 40. Qe5 c4 41. Bxf5 1-0

[Event "2. Bundesliga Ost 2007/2008"]
[Site "20-21.10.Bruck,30.11-2.12.Bade"]
[Date "2008.02.17"]
[Round "9.5"]
[White "Wagner, Stefan"]
[Black "Weissenbeck, Manuel"]
[Result "1/2-1/2"]
[WhiteElo "2103"]
[BlackElo "2264"]
[PlyCount "45"]
[EventDate "2007.10.20"]

1. e4 c5 2. Nf3 e6 3. d3 d5 4. Nbd2 Nc6 5. g3 Be7 6. Bg2 h5 7. h4 Nf6 8. O-O
Qc7 9. Re1 b6 10. Nf1 d4 11. e5 Ng4 12. Bf4 Bb7 13. N1h2 Nh6 14. Nd2 Nf5 15.
Nhf3 Nb4 16. a4 Nd5 17. Bg5 a6 18. Bxe7 Ndxe7 19. Ng5 Bxg2 20. Kxg2 Ng6 21. Nc4
Qc6+ 22. Kg1 Ke7 23. Qf3 1/2-1/2

[Event "2. Bundesliga Ost 2007/2008"]
[Site "20-21.10.Bruck,30.11-2.12.Bade"]
[Date "2008.02.17"]
[Round "9.5"]
[White "Pichler, Michael"]
[Black "Janetschek, Karl"]
[Result "1/2-1/2"]
[WhiteElo "2170"]
[BlackElo "2256"]
[PlyCount "155"]
[EventDate "2007.10.20"]

1. e4 e5 2. Nf3 Nc6 3. Bb5 Bc5 4. O-O Nd4 5. Nxd4 Bxd4 6. c3 Bb6 7. d4 c6 8.
Bc4 d6 9. dxe5 dxe5 10. Qb3 Qe7 11. a4 Nf6 12. a5 Bc5 13. Qc2 a6 14. b4 Ba7 15.
Nd2 O-O 16. Nb3 Ne8 17. Kh1 Nc7 18. f4 exf4 19. Bxf4 Bg4 20. Nd4 Ne6 21. Nf5
Bxf5 22. exf5 Nxf4 23. Rxf4 Qg5 24. Rf3 Rad8 25. Rd1 Bb8 26. Bb3 Qh5 27. h3 Qg5
28. Rd4 Be5 29. h4 Qf6 30. Re4 h6 31. Rfe3 Bc7 32. Qf2 Rd7 33. g3 Bb8 34. Rf3
Rfd8 35. Kg2 Rd2 36. Re2 Ba7 37. Qe1 Qd6 38. Kh3 Kf8 39. Rxd2 Qxd2 40. Qxd2
Rxd2 41. Bc4 Bf2 42. h5 Ke7 43. f6+ gxf6 44. Kg4 Ba7 45. Kf5 Bb8 46. Bd3 Be5
47. c4 Rb2 48. b5 cxb5 49. cxb5 axb5 50. Be4 Ra2 51. Bxb7 Rxa5 52. Bd5 b4 53.
Ke4 Ra1 54. Kf5 Re1 55. Bc4 Bd6 56. Bb3 Re5+ 57. Kg4 Rg5+ 58. Kh4 f5 59. Bc2
Kf6 60. Re3 Rg4+ 61. Kh3 Rc4 62. Bd1 Rc3 63. Rxc3 bxc3 64. Kg2 Ke5 65. Kf3 Kd4
66. Bc2 Kc4 67. Ke2 Bxg3 68. Bxf5 Kd4 69. Bb1 Bd6 70. Kf3 Kc4 71. Ke2 Kd4 72.
Kf3 Ba3 73. Bc2 Bc1 74. Bb1 Bd2 75. Bc2 Bg5 76. Bb1 Ke5 77. Kg4 Kd5 78. Kf3
1/2-1/2

[Event "2. Bundesliga Ost 2007/2008"]
[Site "20-21.10.Bruck,30.11-2.12.Bade"]
[Date "2008.02.17"]
[Round "9.6"]
[White "Loeffler, Stefan"]
[Black "Varga, Zoltan"]
[Result "1-0"]
[WhiteElo "2409"]
[BlackElo "2506"]
[PlyCount "77"]
[EventDate "2007.10.20"]

1. Nf3 c5 2. g3 d5 3. Bg2 Nc6 4. d4 e6 5. O-O Bd7 6. c4 dxc4 7. Na3 cxd4 8.
Nxc4 Bc5 9. Bf4 Nge7 10. Bd6 Bb6 11. b4 O-O 12. b5 Na5 13. Nxa5 Bxa5 14. Nxd4
Bc8 15. Nb3 Bb6 16. Nc5 Bc7 17. Bxc7 Qxc7 18. Rc1 Qb6 19. Qb3 Rb8 20. Na4 Qa5
21. Rfd1 e5 22. Nc5 Nf5 23. e3 Nh6 24. Nd7 Bxd7 25. Rxd7 Rbc8 26. Rcd1 Rc7 27.
Bxb7 Rxd7 28. Rxd7 Ng4 29. Kg2 Nf6 30. Rd1 Rb8 31. Bc6 h5 32. Bd5 Rxb5 33.
Bxf7+ Kh7 34. Qe6 e4 35. Qc8 Rc5 36. Qf8 Rc6 37. Rd8 Kh6 38. Qh8+ Nh7 39. Rd5
1-0

[Event "2. Bundesliga Ost 2007/2008"]
[Site "20-21.10.Bruck,30.11-2.12.Bade"]
[Date "2008.02.17"]
[Round "9.6"]
[White "Hagara, Eduard"]
[Black "Sulyok, Michael"]
[Result "1-0"]
[WhiteElo "2372"]
[BlackElo "2255"]
[PlyCount "85"]
[EventDate "2007.10.20"]

1. e4 d6 2. d4 Nf6 3. Nc3 g6 4. Be3 c6 5. Qd2 b5 6. Bd3 Nbd7 7. Nf3 Qc7 8. O-O
Bg7 9. Rfe1 O-O 10. a4 b4 11. Ne2 c5 12. c3 Bb7 13. Ng3 bxc3 14. bxc3 e5 15.
Bh6 Ne8 16. h4 Qd8 17. h5 Bxh6 18. Qxh6 Qf6 19. Rab1 Bc8 20. d5 gxh5 21. Qxh5
Ng7 22. Qh4 Qxh4 23. Nxh4 Nf6 24. Be2 Rd8 25. a5 Kf8 26. Rb2 Nfe8 27. Reb1 Nc7
28. Kf1 Ke8 29. Ke1 Bd7 30. Rb7 Rdc8 31. Kd2 Kd8 32. Ke3 Nce8 33. f4 exf4+ 34.
Kxf4 f6 35. Bc4 Rc7 36. R7b2 Ke7 37. Nf3 Bc8 38. Rh1 Rb7 39. Rxb7+ Bxb7 40.
Rxh7 Bc8 41. Bb5 Kf8 42. Bc6 Rb8 43. Bxe8 1-0

[Event "2. Bundesliga Ost 2007/2008"]
[Site "20-21.10.Bruck,30.11-2.12.Bade"]
[Date "2008.02.17"]
[Round "9.6"]
[White "Miniboeck, Guenter"]
[Black "Ranits, Franz"]
[Result "1/2-1/2"]
[WhiteElo "2355"]
[BlackElo "2214"]
[PlyCount "114"]
[EventDate "2007.10.20"]

1. d4 g6 2. c4 Bg7 3. e4 d6 4. Nc3 e5 5. dxe5 dxe5 6. Qxd8+ Kxd8 7. f4 Nd7 8.
Nf3 c6 9. Be2 f6 10. O-O Nh6 11. fxe5 Nxe5 12. Nxe5 fxe5 13. Bg5+ Ke8 14. Rad1
Nf7 15. Be3 Be6 16. b4 Bh6 17. Bf2 Bf8 18. c5 Rd8 19. b5 Rc8 20. bxc6 bxc6 21.
Rb1 Rc7 22. Rb8+ Ke7 23. Rfb1 Bg7 24. R1b7 Kd7 25. Nb5 Rxb8 26. Rxc7+ Kd8 27.
Rxc6 Bd7 28. Rc7 Bxb5 29. Rxf7 Bxe2 30. Bh4+ Kc8 31. Rxg7 Rb7 32. Rg8+ Kd7 33.
Bg3 Bc4 34. Rh8 Kc6 35. Bxe5 Kxc5 36. Rc8+ Kb5 37. a4+ Kb4 38. Bd6+ Kb3 39. a5
a6 40. Kf2 Rb5 41. Bc7 Kc3 42. Bb6 Rb1 43. h4 Rf1+ 44. Ke3 Rh1 45. g3 Rf1 46.
Rc7 Rf7 47. Bd4+ Kb4 48. Rxf7 Bxf7 49. Kf4 Kb5 50. Kg5 h5 51. Kf6 Bb3 52. Kxg6
Bd1 53. e5 Kc4 54. Bb2 Kd5 55. Kf7 Bg4 56. Ke7 Bf5 57. Kf6 Bg4 1/2-1/2

[Event "2. Bundesliga Ost 2007/2008"]
[Site "20-21.10.Bruck,30.11-2.12.Bade"]
[Date "2008.02.17"]
[Round "9.6"]
[White "Stranz, Richard"]
[Black "Brandner, Stefan"]
[Result "1/2-1/2"]
[WhiteElo "2226"]
[BlackElo "2318"]
[PlyCount "59"]
[EventDate "2007.10.20"]

1. e4 e5 2. Nf3 Nc6 3. Nc3 Nf6 4. d4 exd4 5. Nxd4 Bb4 6. Nxc6 bxc6 7. Bd3 d5 8.
exd5 cxd5 9. O-O O-O 10. Bg5 c6 11. Ne2 h6 12. Bh4 Bd6 13. Bg3 Bxg3 14. Nxg3
Rb8 15. Rb1 Rb4 16. Qd2 Rh4 17. Rfe1 g6 18. Nf1 Qd6 19. g3 Rh5 20. c3 Ng4 21.
Be2 f5 22. Bxg4 fxg4 23. Ne3 Qf6 24. Rbd1 Re5 25. Ng2 Rf5 26. Qxh6 Rxf2 27. Nf4
Rxb2 28. Qxg6+ Qxg6 29. Nxg6 Rff2 30. Ne7+ 1/2-1/2

[Event "2. Bundesliga Ost 2007/2008"]
[Site "20-21.10.Bruck,30.11-2.12.Bade"]
[Date "2008.02.17"]
[Round "9.6"]
[White "Herndlbauer, Martin"]
[Black "Galavics, Hermann"]
[Result "1/2-1/2"]
[WhiteElo "2134"]
[BlackElo "2041"]
[PlyCount "46"]
[EventDate "2007.10.20"]

1. d4 d5 2. c4 c6 3. Nf3 Nf6 4. Nc3 e6 5. cxd5 exd5 6. Bg5 Be7 7. Qc2 Nbd7 8.
e3 h6 9. Bxf6 Bxf6 10. Bd3 O-O 11. O-O-O Nb6 12. Nd2 Be6 13. f4 Rc8 14. f5 Bd7
15. Nb3 Bg5 16. Rde1 Re8 17. Nd1 Nc4 18. Bxc4 dxc4 19. Nc5 b6 20. Nxd7 Qxd7 21.
h4 Bd8 22. Nc3 c5 23. d5 Bf6 1/2-1/2

[Event "2. Bundesliga Ost 2007/2008"]
[Site "20-21.10.Bruck,30.11-2.12.Bade"]
[Date "2008.02.17"]
[Round "9.6"]
[White "Pfneiszl, Markus"]
[Black "Perndl, Johann"]
[Result "0-1"]
[WhiteElo "1893"]
[BlackElo "2050"]
[PlyCount "36"]
[EventDate "2007.10.20"]

1. e4 g6 2. d4 Bg7 3. c4 Nc6 4. Be3 e5 5. d5 Nd4 6. Ne2 c5 7. Ng3 d6 8. Be2 Ne7
9. Qd2 f5 10. exf5 Nexf5 11. Bg5 Qc7 12. Ne4 O-O 13. g4 Nxe2 14. gxf5 Nd4 15.
Qc3 Bxf5 16. Nbd2 Bg4 17. h3 Bh5 18. Rh2 Bf3 0-1

[Event "2. Bundesliga Ost 2007/2008"]
[Site "?"]
[Date "2008.03.15"]
[Round "10.1"]
[White "Georgiev, Kiril"]
[Black "Varga, Zoltan"]
[Result "1/2-1/2"]
[WhiteElo "2649"]
[BlackElo "2506"]
[PlyCount "62"]
[EventDate "2007.10.20"]

1. d4 d5 2. c4 c6 3. Nf3 dxc4 4. e3 Be6 5. Nc3 b5 6. a4 b4 7. Ne2 Nf6 8. Nf4
Bd5 9. Ne5 Nbd7 10. Bxc4 Nxe5 11. Bxd5 Nxd5 12. dxe5 Nxf4 13. Qxd8+ Rxd8 14.
exf4 e6 15. Be3 c5 16. Ke2 Rd5 17. Rhd1 Kd7 18. f5 Be7 19. f4 Kc6 20. fxe6 fxe6
21. b3 Rhd8 22. Rdc1 g5 23. g3 Rd3 24. Rab1 g4 25. Rc4 R8d5 26. Rc2 h5 27. Rc4
a5 28. Rc2 Bf8 29. Rc4 Be7 30. Rc2 Bf8 31. Rc4 Be7 1/2-1/2

[Event "2. Bundesliga Ost 2007/2008"]
[Site "?"]
[Date "2008.03.15"]
[Round "10.1"]
[White "Hagara, Eduard"]
[Black "Chernin, Alexander"]
[Result "1/2-1/2"]
[WhiteElo "2372"]
[BlackElo "2587"]
[PlyCount "54"]
[EventDate "2007.10.20"]

1. e4 e6 2. d4 d5 3. e5 c5 4. c3 Nc6 5. Nf3 Bd7 6. a3 Nge7 7. Bd3 cxd4 8. cxd4
Qb6 9. Bc2 Nf5 10. Bxf5 exf5 11. O-O h6 12. Nc3 Be6 13. Na4 Qd8 14. Ne1 Rc8 15.
Nc2 Qh4 16. f4 Qd8 17. Qd3 Be7 18. Bd2 O-O 19. b4 g6 20. Rab1 Nb8 21. Ne3 b6
22. g4 Qd7 23. Nc3 Nc6 24. Ne2 Bh4 25. Be1 Bxe1 26. Rbxe1 Ne7 27. g5 Kg7
1/2-1/2

[Event "2. Bundesliga Ost 2007/2008"]
[Site "?"]
[Date "2008.03.15"]
[Round "10.1"]
[White "Groszpeter, Attila"]
[Black "Vass, Frantisek"]
[Result "1-0"]
[WhiteElo "2540"]
[BlackElo "2417"]
[PlyCount "77"]
[EventDate "2007.10.20"]

1. e4 e6 2. d4 d5 3. Nc3 Nf6 4. Bg5 Bb4 5. e5 h6 6. Bd2 Bxc3 7. bxc3 Ne4 8. Qg4
g6 9. Bd3 Nxd2 10. Kxd2 c5 11. Nf3 Nc6 12. Rhb1 Qc7 13. Qh4 Ne7 14. Bb5+ Bd7
15. dxc5 Bxb5 16. Rxb5 a6 17. Rb6 O-O 18. Rab1 Qxc5 19. Qd4 Qa5 20. Qh4 Rfe8
21. Rxb7 Qc5 22. Qd4 Qa5 23. Qh4 Qc5 24. Nd4 Rac8 25. R1b3 a5 26. a4 Nf5 27.
Nxf5 exf5 28. Qd4 Qf8 29. R3b6 Qg7 30. Rf6 Rcd8 31. f4 Rf8 32. e6 Rb8 33. Rfxf7
Qxd4+ 34. cxd4 Rxb7 35. Rxb7 Re8 36. Rb6 Kg7 37. Rd6 Kf6 38. Rxd5 Rxe6 39. Re5
1-0

[Event "2. Bundesliga Ost 2007/2008"]
[Site "?"]
[Date "2008.03.15"]
[Round "10.1"]
[White "Vavrak, Peter"]
[Black "Beim, Valeri"]
[Result "1-0"]
[WhiteElo "2454"]
[BlackElo "2523"]
[PlyCount "128"]
[EventDate "2007.10.20"]

1. g3 e5 2. Bg2 d5 3. d3 Nf6 4. Nf3 Bd6 5. O-O O-O 6. c4 dxc4 7. dxc4 c6 8. Qc2
Na6 9. a3 Qe7 10. Nc3 h6 11. b4 e4 12. Nd2 e3 13. fxe3 Qxe3+ 14. Kh1 Qe7 15. c5
Bc7 16. Nc4 Bg4 17. e4 Qe6 18. e5 Nd7 19. Nd6 Nxe5 20. Nxb7 Nc4 21. Qe4 Be5 22.
Qc2 Rab8 23. Nd6 Nxd6 24. cxd6 Qc4 25. Bb2 Bxd6 26. Rac1 Nc7 27. Qd2 Qe6 28.
Rce1 Be5 29. Rxe5 Qxe5 30. Nd5 Qe2 31. Qc3 Ne8 32. Ne3 Be6 33. Bf3 Qa6 34. Bxc6
Rc8 35. b5 Qa4 36. Rf4 Qb3 37. Qxb3 Bxb3 38. Nf5 Rd8 39. Bd4 Kh7 40. Bc5 Rg8
41. Ne7 Rh8 42. Bxa7 Nf6 43. Rd4 Be6 44. Kg2 Ng4 45. Be4+ g6 46. Nc6 Rde8 47.
b6 Bc8 48. Bf3 Ne3+ 49. Kf2 Nc2 50. Rf4 f5 51. a4 Bb7 52. Rc4 Ne3 53. Rc3 Ng4+
54. Kg2 Rc8 55. Rd3 Rhg8 56. Rd7+ Rg7 57. Rxg7+ Kxg7 58. Nd4 Ne3+ 59. Kf2 Nd5
60. Ne6+ Kf6 61. Nc7 Nxb6 62. Bxb6 Bxf3 63. Kxf3 Ke5 64. a5 Kd6 1-0